000 01631nam0a2200313 4500
001 RU\NLR\BIBL_A\011317161
005 20260408123712.0
010 _a978-5-905926-26-6
_920
021 _aRU
_b2016-101881
_96778
035 _a(NLR Aleph) 011317161
090 _a11056317
_c11056317
100 _a20170130d2016 |||y0rusy50 ca
101 0 _arus
102 _aRU
105 _aa z 001yy
200 1 _aПреждевременные роды
_eучебно-методическое пособие
_fФедер. медико-биол. агентство, Федер. гос. бюджет. учреждение "Гос. науч. центр Рос. Федерации - Федер. мед. биофиз. центр им. А. И. Бурназяна", Ин-т последиплом. проф. образования
_g[О. Ф. Серова и др.]
210 _aМосква
_cФМБЦ
_d2016
215 _a32 с.
_cцв. ил.
_d20
320 _aБиблиогр.: с. 32
606 1 _aПреждевременные роды
_jУчебно-методические пособия
_9905978
_3RU\NLR\AUTH\6610278
686 1 _aР716.228я77
702 1 _aСерова
_bО. Ф.
_4220
712 0 2 _4570
_aФедеральный медицинский биофизический центр им. А. И. Бурназяна
_cМосква
_bИнститут последипломного профессионального образования
_3RU\NLR\AUTH\880427305
_9519201
942 _cBOOK
980 _aNBR
980 _aNB